LEADER 01399nam a2200325 a 4500 001 000000123827 003 CaOOAMICUS 005 20101126150155.0 008 101126t2010 it u000 u ita r 020 $a978-88-8272-466-5 040 $aPUL$bita 082 04$a305.4 100 1 $aSbai, Souad.$0(OLS)http://pul/name/78088 245 12$aL'inganno :$bvittime del multiculturalismo /$cSouad Sbai ; prefazione di Gaetano Quagliarello. 260 $aSiena :$bCantagalli,$c©2010. 300 $a245 p. ;$c21 cm 490 1 $aIl Cenacolo dei Filosofi ;$v2 504 $aBibliografia p. 235-242. 650 4$aMulticulturalismo.$0(OLS)http://pul/subject/23034 650 4$aDonna$xQuestioni sociali e morali$xIslam.$0(OLS)http://pul/subject/28017 700 1 $aQuagliariello, Gaetano,$d1960-$0(OLS)http://pul/name/70136 830 3$aIl Cenacolo dei Filosofi ;$v2.$0(OLS)http://pul/title/156088 850 $aPUL 852 $aPUL$W1$xDP2 Diritto e Scienze Sociali 3$y110$m305. 4 SBASO 1$j142654$qDDC 21$B141620$CPULBib$Z2$F141620 $H115195 $82 941 1 $a9 996 $6020$a978-88-8272-466-5$9(OLS)http://pul/number/146019 996 $6082$a305.4$9(OLS)http://pul/classification/583 996 $6245$aL'inganno :$bvittime del multiculturalismo$9(OLS)http://pul/title/156087 996 $6260$aSiena :$bCantagalli$9(OLS)http://pul/publisher/48759 LEADER 01549nam a2200325 a 4500 001 000000159866 003 CaOOAMICUS 005 20170404094851.0 008 170404s2017 gw u000 u ger r 020 $a9783525540602* 032 $aLibriCat 040 $aPUL$bita 041 0 $ager$aeng 245 00$aPaulinische Schriftrezeption :$bGrundlagen, Auspragungen, Wirkungen, Wertungen /$cFlorian Wilk, Markus O?hler (Hg.) 260 $aGöttingen :$bVandenhoeck & Ruprecht,$c©2017. 300 $aVIII, 357 p. ;$c24 cm. 490 1 $aForschungen zur Religion und Literatur des Alten und Neuen Testaments ;$v268 504 $a"Literaturverzeichnis": p. [307]-330. 546 $aInclude interventi in inglese. 600 04$aPaulus,$cs., apostolo$xCritica e interpretazione.$0(OLS)http://pul/subject/18697 700 1 $aÖhler, Markus,$d1967-$0(OLS)http://pul/name/53659 700 1 $aWilk, Florian.$0(OLS)http://pul/name/30484 830 0$aForschungen zur Religion und Literatur des Alten und Neuen Testaments ;$v268.$0(OLS)http://pul/title/15482 850 $aPUL 852 $aPUL$W1$xSL Religione 1$y3$m10(5) A 268$j183449$qStampati$B186655$CPULBib$Z2$F186655 $H129308 $81 941 1 $a8 996 $6020$a9783525540602*$9(OLS)http://pul/number/162326 996 $6245$aPaulinische Schriftrezeption :$bGrundlagen, Auspragungen, Wirkungen, Wertungen$9(OLS)http://pul/title/199494 996 $6260$aGöttingen :$bVandenhoeck & Ruprecht$9(OLS)http://pul/publisher/47973